000 00664nam a2200205Ii 4500
003 JO-AjNU
008 230605s9999||||xx |||||||||||||| ||und||
040 _aJO-AjNU
_bara
_erda
_cJO-AjNU
041 _aara
050 1 4 _aPJ7858.A53.R863 1990
100 3 _aتأليف الرازم،عائشة,
_eauthor
_914277
245 0 0 _aحوارية سميح القاسم
250 _aط1
264 3 1 _aعمان:دار الخواجا للنشر والتوزيع،1990
300 _a126ص
336 _atext
_btxt
_2rdacontent
337 _aunmediated
_bn
_2rdamedia
338 _avolume
_bnc
_2rdacarrier
650 4 _aالشعر العربي - تحليل ونقد 
_914278
999 _aA3769
_c7337
_d7337